| 000 | 00822nam a2200217 a 4500 | ||
|---|---|---|---|
| 001 | 46913 | ||
| 003 | BD-RjUL | ||
| 005 | 20211209054229.0 | ||
| 008 | 160806s1934 us a sb f001 0 eng c | ||
| 035 | _a(BD-RjUL)47032 | ||
| 040 |
_aGPO _cGPO _dMvI _dBD-RjUL _beng |
||
| 041 | _aeng | ||
| 082 |
_223 _a332.71 _bAME 1934 |
||
| 245 | 1 | 0 |
_aFarm Credit Administration / _cAmerican Institute of Banking |
| 260 |
_aNew York : _bSection American Bankers Association , _c1934, |
||
| 300 |
_a478 p. : _bill ; _c21 cm. |
||
| 610 | 1 | 0 |
_aUnited States. _bFarm Credit Administration. _9142913 |
| 650 | 0 |
_aAgricultural credit corporations _zUnited States. _9142904 |
|
| 776 | 0 |
_aUnited States. General Accounting Office. _tFarm Credit Administration : safety and soundness oversight of the Farm Credit System _h5 p. ; 28 cm. |
|
| 942 |
_2ddc _cBK |
||
| 999 |
_c46913 _d46913 |
||